Zongora-est
Elmentve itt :
| Dokumentumtípus: | Cikk |
|---|---|
| Megjelent: |
1923-04-11
|
| Sorozat: | Délmagyarország
4 No. 81 |
| Kulcsszavak: | Hegyi Emánuel, Zenei élet hangverseny Szeged 1923, zeneélet |
| Online Access: | http://dmarchiv.bibl.u-szeged.hu/75763 |
| LEADER | 00427nab a2200145 i 4500 | ||
|---|---|---|---|
| 001 | delm75763 | ||
| 005 | 20180928084406.0 | ||
| 008 | 180928s1923 hu o 0|| hun d | ||
| 040 | |a SZTE Délmagyarország Archívum |b hun | ||
| 041 | |a hun | ||
| 245 | 0 | 0 | |a Zongora-est |h [elektronikus dokumentum] |
| 260 | |c 1923-04-11 | ||
| 300 | |a 6 | ||
| 490 | 0 | |a Délmagyarország |v 4 No. 81 | |
| 695 | |a Hegyi Emánuel, Zenei élet hangverseny Szeged 1923, zeneélet | ||